| 000 | 00753cam a22002177 4500 | ||
|---|---|---|---|
| 999 |
_c21556 _d21556 |
||
| 001 | 10517878 | ||
| 003 | BDDh-ASL | ||
| 005 | 20231015030015.0 | ||
| 008 | 901105s1954 pk 000 0 eng | ||
| 010 | _altf90010442 | ||
| 040 |
_aDLC _cDLC _dDLC _dBDDh-ASL |
||
| 050 | 0 | 0 | _a4BP 403 |
| 082 |
_a297.1 _bIQR |
||
| 100 | 1 |
_aIqbal, Muhammad, _cSir, _d1877-1938. |
|
| 245 | 0 | 4 | _aThe reconstruction of religious thought in Islam / |
| 260 |
_aLahore: _bPublished by Javid Iqbal; can be had of Shaikh Muhammad Ashraf _c[1954] |
||
| 300 | _a205 p. | ||
| 650 | 0 |
_aReligion, ধর্ম, Dharma, faith, creed, law, worship, property, আস্তিকতা, দীন _xIslam _92606 |
|
| 906 |
_a0 _bcbc _cpremunv _du _encip _f19 _gy-gencatlg |
||
| 942 |
_2ddc _cBK |
||